000 01296nam a2200313 c 4500
003 BLK
005 20180420233944.0
008 180410b bul|||||r ||||||| ||bul||
010 _aKNG00158065000
040 _aBLK
041 _aBUL
_cBUL
080 _aИкономика на промишлеността. Промишлено производство
_b338.45
_x
_z338.45
100 1 _aБрадистилов, Добри Стоев
_eпърви автор
_9329720
139 _aБрадистилов, Добри Стоев
_bБ 75
245 1 0 _aРазвитие на формите на организация и методите за ръководство на промишлеността в Народна република България
_cДобри Стоев Брадистилов.
257 _aBGR
260 София
_bБКП
_c1960
300 _a95 с.
_c22 см
380 _a3
500 _a1 600 тир.
650 4 _aПромишленост - България
_9290191
653 _aпромишленост
653 _aБългария
852 _aЦб 16916
856 4 _qpdf
_u
856 4 _qpdf
_u
942 _cKNG
_n0
944 _aCR
_c17.03.2014
_l17.03.2014 - от С1,Р / 17.03.2014
_kГрета_Цуфелде
944 _aED
_c17.03.2014
_l17.03.2014 - от С1,Р / 17.03.2014
_k
999 _c151660
_d151660